Normal view MARC view
  • Optical Fiber Communication

Entry Topical Term

Number of records used in: 1

001 - CONTROL NUMBER

  • control field: 112164

003 - CONTROL NUMBER IDENTIFIER

  • control field: NUST

005 - DATE AND TIME OF LATEST TRANSACTION

  • control field: 20230505113355.0

008 - FIXED-LENGTH DATA ELEMENTS

  • fixed length control field: 230505|| aca||aabn | a|a d

040 ## - CATALOGING SOURCE

  • Original cataloging agency: NUST
  • Transcribing agency: NUST

150 ## - HEADING--TOPICAL TERM

  • Topical term or geographic name entry element: Optical Fiber Communication

670 ## - SOURCE DATA FOUND

  • Source citation: Work cat.: (NUST): Katiyar, Sapna 112163, Optical Fiber Communication, 2010.
© 2023 Central Library, National University of Sciences and Technology. All Rights Reserved.